书目信息 |
| 题名: |
外国名作家传
|
|
| 作者: | 张英伦 , 吕同六 , 钱善行 , 胡湛珍 主编 | |
| 分册: | 上册 | |
| 出版信息: | 北京 中国社会科学出版社 1980.12 |
|
| 页数: | 635页 | |
| 开本: | 20cm | |
| 丛书名: | ||
| 单 册: | ||
| 中图分类: | K811.6 | |
| 科图分类: | ||
| 主题词: | 人物--传记--世界 | |
| 电子资源: | ||
| ISBN: | ||
| 000 | 00696nam0 2200253 45 | |
| 001 | 0211251409 | |
| 005 | 20060817102455.65 | |
| 010 | @dCNY1.50 | |
| 091 | @a11190.003 | |
| 100 | @a20021125d1980 km y0chiy0120 ea | |
| 101 | 0 | @achi |
| 105 | @a z 000yc | |
| 200 | 1 | @a外国名作家传@AWai Guo Ming Zuo Jia Chuan@h上册@f张英伦等主编@FZhang Ying Lun Deng Zhu Bian |
| 210 | @a北京@c中国社会科学出版社@d1980.12 | |
| 215 | @a635页@d20cm | |
| 300 | @a附录:全书作家条目索引 | |
| 606 | 0 | @a人物@x传记@x世界 |
| 690 | @aK811.6@v3 | |
| 701 | 0 | @a张英伦@4主编 |
| 701 | 0 | @a吕同六@4主编 |
| 701 | 0 | @a钱善行@4'主编 |
| 701 | 0 | @a胡湛珍@4主编' |
| 801 | @aCN@bTSTC@c20060817 | |
| 905 | @dK811.6@e10:1 | |
| 外国名作家传.上册/张英伦等主编.-北京:中国社会科学出版社,1980.12 |
| 635页;20cm |
| 附录:全书作家条目索引 |
| ISBN :CNY1.50 |
| ● |
| 相关链接 |
|
|
|
|
正题名:外国名作家传
索取号:K811.6/10:1
 
预约/预借
| 序号 | 登录号 | 条形码 | 馆藏地/架位号 | 状态 | 备注 |
| 1 | 0466166 | 204661669 | 密集书库/ [索取号:K811.6/10:1] | 在馆 |